000
00303pam a2200121a 44500
008
230405s1900 xxu||||| |||| 00| 0 eng d
041
_a
ENG
100
_a
balagurusamy
245
_a
programming in ansi C
260
_a
new delhi
_b
Tata McGraw Hill Publishing Co.
_c
1900
300
_a
494
906
_a
9762
999
_c
300261
_d
300261